1213 1849 1470 1818 1441 1446 1141 1213 1214 1377 1296 1282 1611 1162 1457 1890 1592 1632 1384 1725 1591 1840 1177 1707 1833 1894 1098 1323 1474 1453 1926 1602 1080 1580 1684 1289 1475 1006 1181 1043 1797 1143 1113 1604 1952 1520 1400 1393 1355 1945 1277 1313 1363 1404 1031 1558 1386 1723 1166 1087 1385 1995 1729 1266 1360 1123 1445 1389 1755 1352 1242 1615 1611 1128 1666 1896 1824 1836 1277 1637 1312 1275 1196 1566 1458 1738 1828 1330 1691 1215 1675 1407 2000 1050 1343 1914 1448 1413 1854 BCNSPRNW ULIB Ver.6.0+V

เปลี่ยนเป็นภาษาไทย

Change to English
 แสดงรายละเอียดบรรณานุกรม
  กลับหน้าหลัก

Brief Record : Get Marc (ISO 2709) : E-mail record : QR code < ปิดหน้าต่าง
LEADER : 00000nam 2200000uu 4500
001    13399120939
003     ULIB
008    020711s2550 th a 000 0 tha d
020    9744914998
020    9789744914996
050    HD30.2^bป299ก
100    ประพนธ์ ผาสุขยืด
245    การจัดการความรู้ KM ฉบับขับเคลื่อน LO /^cประพนธ์ ผาสุขยืด
250    พิมพ์ครั้งที่ 6
260    กรุงเทพฯ :^bใยไหม,^c2550
300    115 หน้า
945    ^p100^l0^i17687
945    ^p100^l0^i17688
999    ^aทศพร เกษรทอง
รายการนี้ยังไม่มีแท็ก
คุณยังไม่ได้ล็อกอิน คุณสามารถมีกิจกรรมร่วมกับเว็บไซต์ได้ แต่ต้องล็อกอินก่อน ::
  ล็อกอิน

รายการสื่อสารสนเทศ

ลำดับที่ ประเภท เลขเรียก/บาร์โค้ด สถานที่ สถานะ
1. วิทยาศาสตร์การแพทย์ และสุขภาพ
วิทยาศาสตร์การแพทย์ และสุขภาพ
HD30.2 ป299ก ฉ.1 
  Barcode: 17687
ห้องสมุดวิทยาเขตสวรรค์ประชารักษ์
►หนังสือทั่วไป
บนชั้น
2. วิทยาศาสตร์การแพทย์ และสุขภาพ
วิทยาศาสตร์การแพทย์ และสุขภาพ
HD30.2 ป299ก ฉ.2 
  Barcode: 17688
ห้องสมุดวิทยาเขตสวรรค์ประชารักษ์
►หนังสือทั่วไป
บนชั้น

รายการใกล้เคียง
    ผู้แต่ง [ประพนธ์ ผาสุขยืด]

BibComment


ยังไม่เคยถูกคอมเมนท์

คอมเมนท์ทรัพยากรรายการนี้
  คอมเมนท์: การจัดการความรู้ ..


 Copyright 2026. Bcnsprnw @Library